000 00314nam a22001337a 4500
008 170922b xxu||||| |||| 00| 0 eng d
020 _a9780805820324
041 _aeng
080 _a37
100 _a46
101 _aEDU
245 _aTHINKING CRITICALLY ABOUT CRITICAL THINKING
_cHALPERN, D.F
942 _2udc
_cBK
999 _c29179
_d29179